Cargando...
Science of teaching swimming
| Autor Principal: | |
|---|---|
| Formato: | Printed Book |
| Idioma: | Undetermined English |
| Publicado: |
London
Pelham books
1979
|
| Subjects: |
| LEADER | 00559nam a2200181Ia 4500 | ||
|---|---|---|---|
| 008 | 140306s9999 xx 000 0 und d | ||
| 041 | |a eng | ||
| 082 | |a 796 |b PAL/SC | ||
| 100 | |a Palmer, M.L | ||
| 245 | |a Science of teaching swimming | ||
| 260 | |a London |b Pelham books |c 1979 | ||
| 300 | |a 510 | ||
| 365 | |b UKP.10.50 | ||
| 650 | |a Physical education | ||
| 650 | |a Sports | ||
| 942 | |2 ddc |c BK | ||
| 999 | |c 121531 |d 121531 | ||
| 952 | |0 0 |1 0 |2 ddc |4 0 |6 796_000000000000000_PALSC |7 0 |9 120911 |a KAUHCV |b KAUHCV |d 2004-05-12 |g 10.50 |o 796 PAL/SC |p KAU_HCV-12262 |r 2014-03-22 |w 2014-03-22 |y BK | ||